[Event "Dallas UT Fall op"]
[Site "Dallas"]
[Date "2016.11.18"]
[Round "1"]
[White "Pamatmat, Jarod John Munda"]
[Black "Javakhadze, Zurab"]
[Result "0-1"]
[WhiteElo "2199"]
[BlackElo "2481"]
[PlyCount "74"]
[EventDate "2016.11.18"]
[EventType "swiss"]
[EventRounds "9"]
[EventCountry "USA"]
[SourceTitle "CBM 175 Extra"]
[Source "ChessBase"]
[SourceDate "2016.12.12"]
[SourceVersion "1"]
[SourceVersionDate "2016.12.12"]
[SourceQuality "1"]

1. d4 d5 2. c4 e6 3. Nc3 Nf6 4. cxd5 exd5 5. Bg5 Nbd7 6. e3 Be7 7. Bd3 c6 8. Qc2 h6 9. Bh4 Nh5 10. Bxe7 Qxe7 11. 0-0-0 Nb6 12. h3 Be6 13. Nf3 Nf6 14. Ne5 0-0-0 15. Kb1 Kb8 16. Rc1 Nfd7 17. Nxd7+ Bxd7 18. Rhe1 Qg5 19. f3 Rhe8 20. e4 dxe4 21. fxe4 Qg3 22. Rf1 Be6 23. Rf3 Qd6 24. Ne2 f6 25. Qc3 Bg8 26. Rd1 Bh7 27. e5 Bxd3+ 28. Rfxd3 Qc7 29. Nf4 g5 30. Nh5 Nd5 31. Qc5 fxe5 32. dxe5 Qxe5 33. g4 Qh2 34. Nf6 Re2 35. Nxd5 Rxb2+ 36. Kc1 Rxa2 37. Nc3 Qc2# 0-1

[Event "Dallas UT Fall op"]
[Site "Dallas"]
[Date "2015.11.24"]
[Round "7"]
[White "Pamatmat, Jarod John Munda"]
[Black "Li, Ruifeng"]
[Result "0-1"]
[WhiteElo "2232"]
[BlackElo "2444"]
[PlyCount "66"]
[EventDate "2015.11.20"]
[EventType "swiss"]
[EventRounds "9"]
[EventCountry "USA"]
[SourceTitle "CBM 169 Extra"]
[Source "ChessBase"]
[SourceDate "2015.12.18"]
[SourceVersion "1"]
[SourceVersionDate "2015.12.18"]
[SourceQuality "1"]

1. d4 Nf6 2. c4 e6 3. Nc3 Bb4 4. e3 0-0 5. Nge2 Re8 6. a3 Bf8 7. d5 exd5 8. cxd5 c6 9. g3 d6 10. Bg2 c5 11. 0-0 g6 12. e4 Bg7 13. h3 a6 14. a4 Nbd7 15. f4 Rb8 16. Rb1 b5 17. axb5 axb5 18. b4 cxb4 19. Rxb4 Qa5 20. Qb3 Nc5 21. Qb1 Bd7 22. Be3 Ncxe4 23. Bxe4 Nxe4 24. Nxe4 f5 25. Nxd6 Rxe3 26. Nc4 Qa7 27. Nxe3 Qxe3+ 28. Rf2 Ra8 29. Qb3 Qc5 30. Kg2 Re8 31. Ng1 Bc3 32. Rc2 Re3 33. Ne2 Qxb4 0-1

[Event "Dallas UT Fall op"]
[Site "Dallas"]
[Date "2015.11.21"]
[Round "2"]
[White "Ynojosa Aponte, Felix Jose"]
[Black "Pamatmat, Jarod John Munda"]
[Result "1-0"]
[WhiteElo "2404"]
[BlackElo "2232"]
[PlyCount "103"]
[EventDate "2015.11.20"]
[EventType "swiss"]
[EventRounds "9"]
[EventCountry "USA"]
[SourceTitle "CBM 169 Extra"]
[Source "ChessBase"]
[SourceDate "2015.12.18"]
[SourceVersion "1"]
[SourceVersionDate "2015.12.18"]
[SourceQuality "1"]

1. c4 e6 2. Nf3 Nf6 3. e3 d5 4. b3 Be7 5. Bb2 Nbd7 6. d4 b6 7. cxd5 exd5 8. Bd3 Bb7 9. 0-0 0-0 10. Nbd2 Re8 11. Ne5 Bd6 12. f4 Qe7 13. Qf3 Bb4 14. Rad1 Bxd2 15. Rxd2 Ne4 16. Rc2 f6 17. Ng4 Rac8 18. Rfc1 Qd6 19. h4 Re7 20. Nh2 c6 21. Nf1 Rce8 22. f5 a5 23. Bc3 a4 24. Be1 axb3 25. axb3 Qa3 26. Rb1 Nb8 27. Qe2 Nd7 28. b4 Qa8 29. Ra2 Qc8 30. Qf3 c5 31. bxc5 bxc5 32. Rc1 c4 33. Bb4 Rf7 34. Bxe4 Rxe4 35. Nd2 Re8 36. Nb1 Nb8 37. Nc3 Na6 38. Ba3 Qc6 39. Rb2 Nc7 40. Rcb1 Na8 41. Bc5 Rd7 42. Nb5 Ba6 43. Nc3 h6 44. Rb8 Rdd8 45. Nxd5 Kh8 46. Rxd8 Rxd8 47. Nf4 Qa4 48. Ne6 Rg8 49. Bf8 Bc8 50. Bxg7+ Rxg7 51. Nxg7 Kxg7 52. Rb8 1-0

[Event "Dallas UT Fall op"]
[Site "Dallas"]
[Date "2015.11.20"]
[Round "1"]
[White "Pamatmat, Jarod John Munda"]
[Black "Berczes, David"]
[Result "0-1"]
[WhiteElo "2232"]
[BlackElo "2492"]
[PlyCount "60"]
[EventDate "2015.11.20"]
[EventType "swiss"]
[EventRounds "9"]
[EventCountry "USA"]
[SourceTitle "CBM 169 Extra"]
[Source "ChessBase"]
[SourceDate "2015.12.18"]
[SourceVersion "1"]
[SourceVersionDate "2015.12.18"]
[SourceQuality "1"]

1. d4 e6 2. c4 c5 3. d5 exd5 4. cxd5 d6 5. Nc3 a6 6. a4 g6 7. e4 Bg7 8. Nge2 Ne7 9. h4 h6 10. Bf4 Qc7 11. Qd2 Nd7 12. Ng3 Ne5 13. Be2 Qd8 14. Nf1 f5 15. Ne3 fxe4 16. Nxe4 0-0 17. Bxe5 Bxe5 18. Nc4 Bf4 19. Qd3 Bf5 20. g3 b5 21. gxf4 bxc4 22. Qxc4 Rb8 23. f3 Rb4 24. Qc2 Rd4 25. h5 Bxe4 26. fxe4 Rxf4 27. Bd3 c4 28. Qh2 Qa5+ 29. Ke2 cxd3+ 30. Ke3 Rdxe4+ 0-1

[Event "North American-ch U20"]
[Site "Kitchener"]
[Date "2015.07.30"]
[Round "9"]
[White "Pamatmat, Jarod John Munda"]
[Black "Liang, Awonder"]
[Result "1/2-1/2"]
[WhiteElo "2111"]
[BlackElo "2404"]
[PlyCount "122"]
[EventDate "2015.07.26"]
[EventType "swiss"]
[EventRounds "9"]
[EventCountry "CAN"]
[SourceTitle "EXT 2019"]
[Source "ChessBase"]
[SourceDate "2018.10.10"]
[SourceVersion "1"]
[SourceVersionDate "2018.10.10"]
[SourceQuality "1"]

1. d4 Nf6 2. c4 b6 3. Nc3 Bb7 4. f3 d5 5. cxd5 Nxd5 6. e4 Nxc3 7. bxc3 e5 8. Be3 Nd7 9. Bc4 Bd6 10. Ne2 0-0 11. 0-0 c5 12. Rc1 Rc8 13. g3 Qe7 14. Qb3 Kh8 15. Bd5 Ba6 16. dxe5 Nxe5 17. c4 Rce8 18. Rce1 Bb8 19. Bc1 Qd7 20. a4 Nc6 21. f4 Nb4 22. Nc3 f6 23. Ba3 Nc6 24. Bxc6 Qxc6 25. Nd5 Bc8 26. a5 Bh3 27. Rf2 bxa5 28. Rb2 Bf5 29. Qd3 Bg6 30. Rb5 Bd6 31. Rxa5 a6 32. Bb2 Re6 33. Qf3 Bc7 34. Ra2 Ree8 35. Bc3 Ra8 36. h4 Bf7 37. Rea1 a5 38. Bxa5 Bxa5 39. Rxa5 Rxa5 40. Rxa5 Rb8 41. Ra7 Bxd5 42. exd5 Qb6 43. Re7 h6 44. Qe4 Qb2 45. Re8+ Rxe8 46. Qxe8+ Kh7 47. Qe4+ Kg8 48. Qe6+ Kh7 49. d6 Qc1+ 50. Kg2 Qd2+ 51. Kh3 h5 52. Qf5+ Kh6 53. Qd5 Qe2 54. d7 Qf1+ 55. Kh2 Qe2+ 56. Qg2 Qd3 57. Qd5 Qe2+ 58. Qg2 Qd3 59. Qd5 Qe2+ 60. Qg2 Qd3 61. Qd5 Qe2+ 1/2-1/2

[Event "North American-ch U20"]
[Site "Kitchener"]
[Date "2015.07.26"]
[Round "1"]
[White "Pamatmat, Jarod John Munda"]
[Black "Feng, Richard"]
[Result "1-0"]
[WhiteElo "2111"]
[BlackElo "1656"]
[PlyCount "107"]
[EventDate "2015.07.26"]
[EventType "swiss"]
[EventRounds "9"]
[EventCountry "CAN"]
[SourceTitle "EXT 2019"]
[Source "ChessBase"]
[SourceDate "2018.10.10"]
[SourceVersion "1"]
[SourceVersionDate "2018.10.10"]
[SourceQuality "1"]

1. d4 f5 2. c4 Nf6 3. Nc3 g6 4. h4 h6 5. Nh3 Bg7 6. Nf4 0-0 7. Nxg6 Re8 8. g3 Kh7 9. Nf4 d6 10. Bh3 Nc6 11. Qd3 e6 12. d5 Ne5 13. Qc2 exd5 14. Bxf5+ Bxf5 15. Qxf5+ Kg8 16. cxd5 Nf3+ 17. Kf1 Nd4 18. Qd3 Nd7 19. Nh5 Qe7 20. Nxg7 Qxg7 21. Bxh6 Qf6 22. Bg5 Qe5 23. Qg6+ Kh8 24. Bf4 Qe7 25. Be3 Qe5 26. Qh6+ Kg8 27. Qg5+ Qxg5 28. Bxg5 Ne5 29. Rd1 Nf5 30. e4 Ng7 31. b3 Rf8 32. Kg2 Rf3 33. Ne2 Raf8 34. Nf4 Ne8 35. Rhf1 Nf6 36. Ng6 Nxg6 37. Kxf3 Nxd5+ 38. Kg2 Nb4 39. a3 Nc6 40. f4 Re8 41. Rfe1 Na5 42. Rd3 Nf8 43. e5 dxe5 44. Rxe5 Rxe5 45. fxe5 Nc6 46. Bf6 Kf7 47. g4 Ke6 48. h5 Kf7 49. g5 a6 50. g6+ Kg8 51. Rg3 Nd4 52. h6 Nxg6 53. Rxg6+ Kh7 54. Rg7+ 1-0

[Event "World op 43rd"]
[Site "Arlington"]
[Date "2015.07.05"]
[Round "8"]
[White "Samuelson, Andrew"]
[Black "Pamatmat, Jarod John Munda"]
[Result "0-1"]
[WhiteElo "2200"]
[BlackElo "2111"]
[PlyCount "178"]
[EventDate "2015.07.01"]
[EventType "swiss"]
[EventRounds "9"]
[EventCountry "USA"]
[SourceTitle "CBM 167 Extra"]
[Source "ChessBase"]
[SourceDate "2015.09.14"]
[SourceVersion "1"]
[SourceVersionDate "2015.09.14"]
[SourceQuality "1"]

1. e4 e6 2. d4 d5 3. Nc3 Nf6 4. Bg5 dxe4 5. Nxe4 Be7 6. Bxf6 gxf6 7. Nf3 f5 8. Nc3 a6 9. Qe2 b5 10. 0-0-0 b4 11. Na4 Qd5 12. b3 Nd7 13. Qe3 Bb7 14. Bc4 Qe4 15. Rhe1 0-0-0 16. d5 Qxe3+ 17. Rxe3 Nc5 18. Nb2 Bf6 19. Nd3 exd5 20. Nxc5 dxc4 21. Rxd8+ Rxd8 22. bxc4 a5 23. g3 Bc3 24. Na4 Bg7 25. Ne5 Rd4 26. Nc5 Be4 27. Nxf7 Rxc4 28. Nxe4 fxe4 29. Ng5 Bh6 30. h4 Bxg5 31. hxg5 Kd7 32. Re1 Rc5 33. Rxe4 Rxg5 34. Rh4 h5 35. Kd2 Kc6 36. Rc4+ Kb6 37. Ke3 c5 38. a4 bxa3 39. Ra4 Kb5 40. Rxa3 a4 41. c3 Rg8 42. Ra1 Ra8 43. Ra3 Re8+ 44. Kd3 Rd8+ 45. Ke4 Re8+ 46. Kd5 Rd8+ 47. Ke6 Rf8 48. f4 h4 49. f5 hxg3 50. f6 g2 51. Ra1 a3 52. Ke7 Rxf6 53. Kxf6 a2 54. Ke5 Kc4 55. Ke4 Kxc3 56. Rg1 c4 57. Kf3 Kb3 58. Ke3 c3 59. Kd3 c2 60. Rc1 a1Q 61. Rxa1 Kb2 62. Rg1 c1Q 63. Rxg2+ Kb3 64. Re2 Qc4+ 65. Ke3 Kc3 66. Kf3 Kd3 67. Re3+ Kd2 68. Re4 Qf1+ 69. Kg3 Kd3 70. Re8 Qf7 71. Re1 Qf5 72. Rb1 Ke2 73. Rb2+ Ke1 74. Rb4 Qe5+ 75. Kg4 Ke2 76. Rf4 Ke3 77. Rf5 Qg7+ 78. Rg5 Qd7+ 79. Kh5 Kf4 80. Kh6 Qe8 81. Rg7 Kf5 82. Rf7+ Ke6 83. Rf1 Qg8 84. Rf4 Qg3 85. Rf8 Qh4+ 86. Kg6 Qg4+ 87. Kh6 Ke7 88. Rh8 Kf7 89. Rh7+ Kf6 0-1

[Event "Richardson UTD Fall op"]
[Site "Richardson"]
[Date "2014.11.22"]
[Round "2"]
[White "Danelia, Mariam"]
[Black "Pamatmat, Jarod John Munda"]
[Result "1/2-1/2"]
[WhiteElo "2228"]
[BlackElo "1945"]
[PlyCount "127"]
[EventDate "2014.11.21"]
[EventType "swiss"]
[EventRounds "9"]
[EventCountry "USA"]
[SourceTitle "CBM 163 Extra"]
[Source "ChessBase"]
[SourceDate "2014.12.23"]
[SourceVersion "1"]
[SourceVersionDate "2014.12.23"]
[SourceQuality "1"]

1. d4 e6 2. c4 Bb4+ 3. Nd2 Nf6 4. Ngf3 b6 5. e3 Bb7 6. Be2 0-0 7. 0-0 Ne4 8. Nxe4 Bxe4 9. a3 Be7 10. Nd2 Bb7 11. b3 d6 12. Bb2 Nd7 13. Qc2 f5 14. Bd3 Bf6 15. Rae1 g6 16. e4 c5 17. exf5 exf5 18. d5 Bxb2 19. Qxb2 Ne5 20. Qc2 Re8 21. Be2 Qf6 22. f4 Nf7 23. Nf3 Re7 24. Bd3 Rae8 25. Qd2 Bc8 26. h3 Kg7 27. Rxe7 Rxe7 28. Re1 Bd7 29. Kh2 Nh6 30. b4 Ng8 31. bxc5 bxc5 32. Rb1 h6 33. Rb8 Be8 34. Qc1 a5 35. Rb6 a4 36. Qd2 Bd7 37. Qa5 g5 38. fxg5 hxg5 39. Qa6 g4 40. Rxd6 Qc3 41. Rg6+ Kh8 42. Qd6 gxf3 43. Rxg8+ Kxg8 44. Qxe7 Qxd3 45. Qd8+ Kf7 46. Qxd7+ Kf6 47. Qd6+ Kf7 48. gxf3 Qxf3 49. Qxc5 f4 50. Qc7+ Kf6 51. Qd6+ Kf7 52. Qd7+ Kf8 53. Qf5+ Ke7 54. Qe6+ Kd8 55. Qg4 Qf2+ 56. Qg2 Qd4 57. Qg8+ Kd7 58. Qf7+ Kd8 59. Qg8+ Kd7 60. Qe6+ Kd8 61. Qd6+ Ke8 62. Qc6+ Kf7 63. Kg2 Qe4+ 64. Kf1 1/2-1/2

[Event "Richardson UTD Fall op"]
[Site "Richardson"]
[Date "2014.11.21"]
[Round "1"]
[White "Pamatmat, Jarod John Munda"]
[Black "Homa, Seth"]
[Result "0-1"]
[WhiteElo "1945"]
[BlackElo "2382"]
[PlyCount "94"]
[EventDate "2014.11.21"]
[EventType "swiss"]
[EventRounds "9"]
[EventCountry "USA"]
[SourceTitle "CBM 163 Extra"]
[Source "ChessBase"]
[SourceDate "2014.12.23"]
[SourceVersion "1"]
[SourceVersionDate "2014.12.23"]
[SourceQuality "1"]

1. d4 Nf6 2. c4 d6 3. Nc3 e5 4. e3 Nbd7 5. Nf3 g6 6. g3 Bg7 7. Bg2 0-0 8. 0-0 Re8 9. b3 c6 10. a4 a5 11. Ba3 exd4 12. exd4 Nb6 13. Ra2 Be6 14. Ng5 Bf5 15. Re1 Rxe1+ 16. Qxe1 d5 17. c5 Nbd7 18. Re2 h6 19. Nf3 Bg4 20. h3 Bxf3 21. Bxf3 Nh7 22. Rd2 Ng5 23. Bg2 Ne6 24. Qe3 Qg5 25. Qxg5 hxg5 26. Ne2 Rb8 27. Rd3 f5 28. Bc1 Re8 29. Kf1 Bf6 30. Bd2 Bd8 31. Ng1 Nf6 32. f3 Bc7 33. Ne2 Kf7 34. Kf2 Ra8 35. Kf1 Ke7 36. Kf2 Kd7 37. Kf1 Rf8 38. Kg1 Nh5 39. Be1 Re8 40. Kf2 Nxg3 41. Nxg3 Bxg3+ 42. Kxg3 Nf4 43. Rd1 Re2 44. Rd2 Nh5+ 45. Kh2 Rxe1 46. Bh1 Nf4 47. Bg2 Re2 0-1

[Event "Wch U16"]
[Site "Al Ain"]
[Date "2013.12.19"]
[Round "2"]
[White "Faizrakhmanov, Ramil"]
[Black "Pamatmat, Jarod John Munda"]
[Result "1/2-1/2"]
[WhiteElo "2357"]
[BlackElo "2164"]
[PlyCount "128"]
[EventDate "2013.12.18"]
[EventType "swiss"]
[EventRounds "11"]
[EventCountry "UAE"]
[SourceTitle "CBM 158 Extra"]
[Source "ChessBase"]
[SourceDate "2014.02.28"]
[SourceVersion "1"]
[SourceVersionDate "2014.02.28"]
[SourceQuality "1"]

1. d4 Nf6 2. c4 e6 3. Nf3 d5 4. Nc3 Bb4 5. Qa4+ Nc6 6. Bg5 h6 7. Bxf6 Qxf6 8. e3 0-0 9. Qb3 dxc4 10. Bxc4 Bd6 11. Bd3 e5 12. Ne4 Qe7 13. Nxd6 Qxd6 14. dxe5 Nxe5 15. Be2 Be6 16. Qc3 Nxf3+ 17. Bxf3 c6 18. 0-0 Rfd8 19. Rfd1 Qe7 20. a3 Rxd1+ 21. Rxd1 Rd8 22. Rxd8+ Qxd8 23. h3 Qg5 24. Qb4 b6 25. Qa4 Qf6 26. Qxc6 Qxb2 27. Qa8+ Kh7 28. Qxa7 Qa1+ 29. Kh2 Qe5+ 30. g3 Qf5 31. Qb7 g6 32. h4 h5 33. Qc6 Qb1 34. Qc3 Qf1 35. Qb2 Qa6 36. Kg2 Qa5 37. Qb4 Qa6 38. Be4 Qa7 39. Qf8 Qc7 40. Qb4 Kg7 41. Qb2+ Kg8 42. Qd4 Kh7 43. Qf6 Qd6 44. Qg5 Kg7 45. Bf3 Qxa3 46. Bxh5 Qa8+ 47. Kh2 Qe4 48. Be2 Bd5 49. f3 Qc2 50. Qe5+ Kg8 51. Qxd5 Qxe2+ 52. Kh3 Qxe3 53. f4 Kg7 54. f5 Qc5 55. Qxc5 bxc5 56. Kg4 c4 57. Kf4 c3 58. Ke3 Kf6 59. fxg6 fxg6 60. g4 Ke5 61. h5 gxh5 62. gxh5 Kf5 63. Kd3 Kg5 64. Kxc3 Kxh5 1/2-1/2

[Event "US Open-113"]
[Site "Vancouver"]
[Date "2012.08.12"]
[Round "9"]
[White "Bykhovsky, Anatoly"]
[Black "Pamatmat, Jarod John Munda"]
[Result "1-0"]
[WhiteElo "2527"]
[BlackElo "2103"]
[PlyCount "77"]
[EventDate "2012.08.04"]
[EventType "swiss"]
[EventRounds "9"]
[EventCountry "USA"]
[SourceTitle "CBM 149 Extra"]
[Source "ChessBase"]
[SourceDate "2012.08.24"]
[SourceVersion "1"]
[SourceVersionDate "2012.08.24"]
[SourceQuality "1"]

1. d4 d5 2. c4 c6 3. Nf3 Nf6 4. Nc3 dxc4 5. a4 Bf5 6. e3 e6 7. Bxc4 Bb4 8. 0-0 0-0 9. Nh4 Nbd7 10. h3 Nb6 11. Bb3 Nbd5 12. Bd2 Qa5 13. Rc1 Ne4 14. Nxf5 exf5 15. Nxe4 fxe4 16. Bxd5 Bxd2 17. Rc5 Qd8 18. Bxf7+ Rxf7 19. Qxd2 Re7 20. b4 Qd6 21. b5 Rd8 22. Qa2+ Qe6 23. Qxe6+ Rxe6 24. bxc6 bxc6 25. Rfc1 Rdd6 26. Ra5 Re7 27. Rb1 Kf7 28. Rb8 Rc7 29. Re5 Re7 30. Rxe7+ Kxe7 31. Rb7+ Rd7 32. Rxd7+ Kxd7 33. f3 exf3 34. gxf3 c5 35. d5 Kd6 36. e4 g5 37. Kf2 h5 38. Ke3 Ke5 39. Kd3 1-0

[Event "US Open-113"]
[Site "Vancouver"]
[Date "2012.08.11"]
[Round "8"]
[White "Pamatmat, Jarod John Munda"]
[Black "Kaufman, Raymond"]
[Result "1/2-1/2"]
[WhiteElo "2103"]
[BlackElo "2347"]
[PlyCount "69"]
[EventDate "2012.08.04"]
[EventType "swiss"]
[EventRounds "9"]
[EventCountry "USA"]
[SourceTitle "CBM 149 Extra"]
[Source "ChessBase"]
[SourceDate "2012.08.24"]
[SourceVersion "1"]
[SourceVersionDate "2012.08.24"]
[SourceQuality "1"]

1. d4 Nf6 2. c4 e6 3. Nf3 b6 4. g3 Bb7 5. Bg2 Bb4+ 6. Bd2 c5 7. 0-0 0-0 8. Bxb4 cxb4 9. Nbd2 d6 10. a3 bxa3 11. Rxa3 a5 12. Qb1 Na6 13. Rd1 Qe7 14. h3 Nb4 15. Rc3 h6 16. e4 Rfd8 17. Nh4 g5 18. e5 dxe5 19. dxe5 Ne8 20. Nhf3 Rd7 21. Re1 Rad8 22. Nf1 Qc5 23. Ree3 Rd1 24. Rc1 Rxc1 25. Qxc1 Rd3 26. Ne1 Rd7 27. Bxb7 Rxb7 28. Re4 Rd7 29. h4 Qc6 30. Qe3 Ng7 31. hxg5 Nf5 32. Qe2 Nd4 33. Qe3 Nf5 34. Qe2 Nd4 35. Qe3 1/2-1/2

[Event "Wch U14"]
[Site "Caldas Novas"]
[Date "2011.11.22"]
[Round "5"]
[White "Pamatmat, Jarod John Munda"]
[Black "Ding, Jialin"]
[Result "1/2-1/2"]
[WhiteElo "2132"]
[BlackElo "2179"]
[PlyCount "76"]
[EventDate "2011.11.18"]
[EventType "swiss"]
[EventRounds "9"]
[EventCountry "BRA"]
[SourceTitle "EXT 2013"]
[Source "ChessBase"]
[SourceDate "2012.11.22"]
[SourceVersion "1"]
[SourceVersionDate "2012.11.22"]
[SourceQuality "1"]

1. d4 d5 2. c4 c6 3. Nf3 Nf6 4. e3 Bg4 5. h3 Bxf3 6. Qxf3 e6 7. Bd3 Nbd7 8. 0-0 Bd6 9. Nc3 0-0 10. e4 dxe4 11. Nxe4 Nxe4 12. Bxe4 Qf6 13. Rd1 Rfd8 14. Be3 Qxf3 15. Bxf3 Nf6 16. Rd2 h6 17. Rad1 Rac8 18. d5 cxd5 19. cxd5 Bb4 20. Rd3 e5 21. Rb3 Bc5 22. Bxc5 Rxc5 23. Rxb7 e4 24. Be2 Rc2 25. Ba6 Rxd5 26. Rxd5 Nxd5 27. Rxa7 Nb4 28. Bb7 f5 29. g4 g6 30. gxf5 gxf5 31. a3 Nd3 32. Bd5+ Kh8 33. Rf7 Nxf2 34. Rxf5 Nxh3+ 35. Kf1 Rxb2 36. Bxe4 Ng5 37. Bc6 Ra2 38. a4 Kg7 1/2-1/2

[Event "Wch U14"]
[Site "Caldas Novas"]
[Date "2011.11.18"]
[Round "1"]
[White "Pamatmat, Jarod John Munda"]
[Black "Yang, Ching Wei Austin"]
[Result "1-0"]
[WhiteElo "2132"]
[BlackElo "1715"]
[PlyCount "57"]
[EventDate "2011.11.18"]
[EventType "swiss"]
[EventRounds "9"]
[EventCountry "BRA"]
[SourceTitle "EXT 2013"]
[Source "ChessBase"]
[SourceDate "2012.11.22"]
[SourceVersion "1"]
[SourceVersionDate "2012.11.22"]
[SourceQuality "1"]

1. d4 Nf6 2. c4 e6 3. Nf3 b6 4. g3 Ba6 5. Qb3 d5 6. Nbd2 Bd6 7. Bg2 0-0 8. 0-0 Nbd7 9. Re1 c5 10. cxd5 exd5 11. e4 dxe4 12. Nxe4 Nxe4 13. Rxe4 cxd4 14. Rxd4 Bc5 15. Rd1 Qe8 16. Qa4 Bxf2+ 17. Kxf2 Qe2+ 18. Kg1 Nc5 19. Qd4 Ne6 20. Qd2 Qb5 21. Nd4 Qc5 22. b4 Qxd4+ 23. Qxd4 Nxd4 24. Rxd4 Rac8 25. Bf4 Rfe8 26. Rd7 h6 27. Rxa7 Bb5 28. a4 Bc4 29. Rc7 1-0

[Event "Berkeley op"]
[Site "Berkeley"]
[Date "2011.01.08"]
[Round "10"]
[White "Pamatmat, Jarod John Munda"]
[Black "Zepeda, Lorena"]
[Result "1-0"]
[WhiteElo "2100"]
[BlackElo "2202"]
[PlyCount "61"]
[EventDate "2011.01.02"]
[EventType "swiss"]
[EventRounds "10"]
[EventCountry "USA"]
[SourceTitle "CBM 140 Extra"]
[Source "ChessBase"]
[SourceDate "2011.03.01"]
[SourceVersion "1"]
[SourceVersionDate "2011.03.01"]
[SourceQuality "1"]

1. d4 Nf6 2. c4 g6 3. Nc3 Bg7 4. e4 d6 5. Nf3 0-0 6. Be2 e5 7. 0-0 Nc6 8. d5 Ne7 9. b4 Nh5 10. Re1 Nf4 11. Bf1 f5 12. Bxf4 exf4 13. e5 g5 14. exd6 cxd6 15. Rc1 Ng6 16. c5 dxc5 17. bxc5 g4 18. Nd4 Qh4 19. d6 g3 20. fxg3 fxg3 21. Nf3 gxh2+ 22. Kh1 Qg3 23. d7 Bxd7 24. Qxd7 Kh8 25. Qxb7 Bh6 26. Rcd1 Rab8 27. Qxa7 Ra8 28. Qd7 Ra3 29. Qd6 Qg4 30. Ne2 Be3 31. Ne5 1-0

[Event "Berkeley op"]
[Site "Berkeley"]
[Date "2011.01.05"]
[Round "7"]
[White "Gupta, Ankit"]
[Black "Pamatmat, Jarod John Munda"]
[Result "1/2-1/2"]
[WhiteElo "2258"]
[BlackElo "2100"]
[PlyCount "57"]
[EventDate "2011.01.02"]
[EventType "swiss"]
[EventRounds "10"]
[EventCountry "USA"]
[SourceTitle "CBM 140 Extra"]
[Source "ChessBase"]
[SourceDate "2011.03.01"]
[SourceVersion "1"]
[SourceVersionDate "2011.03.01"]
[SourceQuality "1"]

1. Nf3 d5 2. g3 c6 3. Bg2 Bf5 4. 0-0 Nf6 5. d3 h6 6. Nbd2 e6 7. b3 Be7 8. Bb2 Nbd7 9. Re1 0-0 10. e4 Bh7 11. Qe2 a5 12. a3 Qb6 13. Ne5 Nxe5 14. Bxe5 Nd7 15. Bb2 Bf6 16. e5 Be7 17. Kh1 a4 18. b4 c5 19. c4 cxb4 20. cxd5 exd5 21. e6 Qxe6 22. Qxe6 fxe6 23. Rxe6 Bf6 24. d4 Nc5 25. Rxf6 Rxf6 26. dxc5 Rxf2 27. Bxd5+ Kh8 28. Nc4 Rd8 29. Nd6 1/2-1/2

[Event "Berkeley op"]
[Site "Berkeley"]
[Date "2011.01.02"]
[Round "2"]
[White "Pamatmat, Jarod John Munda"]
[Black "Evans, Bela"]
[Result "1/2-1/2"]
[WhiteElo "2100"]
[BlackElo "2262"]
[PlyCount "128"]
[EventDate "2011.01.02"]
[EventType "swiss"]
[EventRounds "10"]
[EventCountry "USA"]
[SourceTitle "CBM 140 Extra"]
[Source "ChessBase"]
[SourceDate "2011.03.01"]
[SourceVersion "1"]
[SourceVersionDate "2011.03.01"]
[SourceQuality "1"]

1. d4 d5 2. c4 e6 3. Nf3 Be7 4. e3 Nf6 5. b3 0-0 6. Bd3 b6 7. 0-0 Bb7 8. Bb2 Nbd7 9. Nc3 Ne4 10. Qe2 f5 11. Rac1 a6 12. Ne5 Bd6 13. f4 Nxc3 14. Bxc3 a5 15. a4 Nf6 16. Be1 Ne4 17. Qh5 Qe8 18. Qxe8 Rfxe8 19. Rc2 Rac8 20. Bh4 Bxe5 21. fxe5 dxc4 22. bxc4 Bc6 23. Ra1 g5 24. Be1 h5 25. h4 g4 26. Bxe4 Bxe4 27. Rc3 c5 28. g3 Rc7 29. Rac1 Rec8 30. Kf2 Bf3 31. Kf1 Kf7 32. Bf2 Be4 33. Ke2 Ke7 34. Be1 Kd7 35. Bf2 Rb7 36. Rb3 Rcc7 37. Kd2 Bc6 38. Ra1 Rc8 39. Be1 Be4 40. Rc1 Kc7 41. Kc3 Kb8 42. Kb2 Ka7 43. Ka3 Rbc7 44. Rbc3 Rd7 45. Bf2 Ka6 46. Rb3 Rdc7 47. Rbc3 Rg8 48. Rb3 Rf8 49. Ka2 Rfc8 50. Ka3 Rf7 51. Kb2 Rc6 52. Ka3 Kb7 53. Kb2 Rfc7 54. Rbc3 Kc8 55. Be1 Rf7 56. Bf2 Kc7 57. Kb3 Kb7 58. Ka3 Rc8 59. Rb3 Rfc7 60. Rbc3 Bf3 61. R1c2 Be4 62. Rc1 Rc6 63. Kb2 Bf3 64. Be1 Be4 1/2-1/2

[Event "Pan American-ch U12"]
[Site "Mar del Plata"]
[Date "2009.08.21"]
[Round "9"]
[White "Castro, Jairo Antonio"]
[Black "Pamatmat, Jarod John Munda"]
[Result "1-0"]
[WhiteElo "1989"]
[BlackElo "2033"]
[PlyCount "65"]
[EventDate "2009.08.16"]
[EventType "swiss"]
[EventRounds "9"]
[EventCountry "ARG"]
[SourceTitle "EXT 2022"]
[Source "ChessBase"]
[SourceDate "2021.10.06"]
[SourceVersion "1"]
[SourceVersionDate "2021.10.06"]
[SourceQuality "1"]

1. e4 e6 2. d4 d5 3. Nd2 Nf6 4. e5 Nfd7 5. Bd3 c5 6. c3 Nc6 7. Ne2 cxd4 8. cxd4 f6 9. exf6 Nxf6 10. Nf3 Qc7 11. 0-0 Bd6 12. Re1 0-0 13. h3 e5 14. dxe5 Nxe5 15. Nxe5 Bxe5 16. f4 Bd6 17. Be3 Nh5 18. f5 Kh8 19. Rf1 Bd7 20. Rf3 Rae8 21. Qd2 a6 22. Rc1 Qb8 23. Rcf1 Re7 24. Nf4 d4 25. Bxd4 Bxf4 26. Rxf4 Nxf4 27. Rxf4 Re1+ 28. Kf2 Ree8 29. f6 gxf6 30. Rxf6 Rxf6+ 31. Bxf6+ Kg8 32. Qg5+ Kf7 33. Bc4+ 1-0

[Event "Pan American-ch U12"]
[Site "Mar del Plata"]
[Date "2009.08.17"]
[Round "3"]
[White "Pamatmat, Jarod John Munda"]
[Black "Novoa, Fernando"]
[Result "1-0"]
[WhiteElo "2033"]
[BlackElo "1813"]
[PlyCount "77"]
[EventDate "2009.08.16"]
[EventType "swiss"]
[EventRounds "9"]
[EventCountry "ARG"]
[SourceTitle "EXT 2022"]
[Source "ChessBase"]
[SourceDate "2021.10.06"]
[SourceVersion "1"]
[SourceVersionDate "2021.10.06"]
[SourceQuality "1"]

1. d4 Nf6 2. Nf3 g6 3. c4 d5 4. Nc3 Bg7 5. Bg5 Ne4 6. cxd5 Nxg5 7. Nxg5 e6 8. Nf3 exd5 9. e3 0-0 10. Be2 c6 11. 0-0 Be6 12. b4 Qd6 13. Qb3 Nd7 14. Rac1 Rfc8 15. Na4 b5 16. Nc5 Nb6 17. a4 a6 18. Ra1 Nc4 19. Ra2 bxa4 20. Rxa4 a5 21. Rfa1 Rab8 22. Bxc4 dxc4 23. Qa3 axb4 24. Rxb4 Rxb4 25. Qxb4 Rb8 26. Qa4 h6 27. h3 Rb5 28. Rc1 c3 29. Nxe6 fxe6 30. Qc4 Qd5 31. Qxc3 Rb6 32. Qc5 Ra6 33. Qe7 Rb6 34. Rc5 Bf8 35. Qe8 Rb1+ 36. Kh2 Qe4 37. Re5 Qc2 38. Rxe6 Kg7 39. Ne5 1-0